00571nam a2200193Ii 450000100060000000300090000600800410001502000150005604000330007104100080010408200150011210000230012724500930015026400410024330000120028433600260029633700280032233800270035018327CO-ViMGA241108s9999||||xx |||||||||||||| ||und|| a8448107136 aCO-ViMGAbspaerdacCO-ViMGA0 aspa04a628.5 L14g1 aMichael D. LaGrega10aGestión de residuos tóxicos :btratamiento, eliminación y recuperación de suelos 1aMadrid, España : McGraw-Hill, 1996 avolumen atextbtxt2rdacontent aunmediatedbn2rdamedia avolumebnc2rdacarrier